| 000 | 00576cas a22002175a 4500 | ||
|---|---|---|---|
| 001 | L13870858 | ||
| 008 | 070626c ne br p 0 a0eng | ||
| 022 | 0 | _a1387-0858 | |
| 035 | _a(Sirsi) u99467 | ||
| 041 | 0 | _aeng | |
| 240 | _aGeo Informatics | ||
| 245 | 0 | 0 | _aGeoInformatics |
| 260 |
_aEmmeloord _bCMedia Productions BV _c[19-?]- |
||
| 520 | _aKept for five years | ||
| 554 | _aEight per year | ||
| 651 | 4 | _aInternational | |
| 690 | _aENVIRONMENTAL AND LAND CONSULTANCY-GEOMATICS | ||
| 856 | _uhttps://www.geoinformatics.com | ||
| 942 | _n0 | ||
| 948 | _c19/06/1998 | ||
| 999 |
_c118700 _d118700 |
||